[Event "Altibox Norway Chess 2017"]
[Site "Stavanger"]
[Date "2017.06.07"]
[Round "2"]
[White "Nakamura, Hikaru"]
[Black "Aronian, Levon"]
[Result "1/2-1/2"]
[WhiteElo "2785"]
[BlackElo "2793"]
[Annotator "TA"]
[PlyCount "119"]
[EventDate "2017.??.??"]
[EventType "tourn"]
[EventCountry "NOR"]
[SourceTitle "playchess.com"]
[Source "ChessBase"]
[SourceQuality "1"]

{[%evp 12,119,31,27,46,42,40,22,41,47,37,3,2,0,0,0,0,0,0,0,0,0,0,0,0,-7,0,0,0,0,0,0,0,-23,-22,-26,-21,-29,-26,-27,-19,-34,-22,-39,-31,-42,-29,-27,-31,-43,-23,-34,-15,-16,-14,-16,-7,-10,-10,-54,-63,-59,-39,-44,-56,-60,-33,-31,-32,-43,-22,-38,-29,-36,-33,-48,-43,-55,-24,-29,-31,-49,-31,-33,-35,-77,-18,-81,-18,-18,-18,-31,-29,-38,0,0,0,0,0,0,0,0,0,0,0,0,0,0,0,-4]} 1. d4 Nf6 2. c4 e6 3. Nf3 d5 4. Nc3 Bb4 5. cxd5 exd5 6. Bg5 O-O 7. e3 Bf5 {D38: Queen's Gambit Declined: Ragozin Defence (4 Nf3 Bb4)} (7... h6 8. Bh4 Bf5 9. Qb3 Bxc3+ 10. bxc3 Nbd7 11. Be2 c5 12. dxc5 g5 13. Bg3 Nxc5 14. Qb5 Nfe4 15. Rc1 {½-½ (48) Hou,Y (2649)-Bluebaum,M (2634) Karlsruhe 2017}) 8. Qb3 Bxc3+ 9. Qxc3 $146 ({Predecessor:} 9. bxc3 Nbd7 10. Be2 b6 11. Ne5 Qe7 12. g4 Be4 13. f3 Bg6 14. Nxd7 Qxd7 15. O-O-O {1-0 (40) Yatzenko,A (2346)-Kozyrev,D (2142) Kstovo 2010}) 9... h6 10. Bxf6 Qxf6 11. Bd3 c6 12. Bxf5 Qxf5 13. Qb3 Qc8 14. O-O Nd7 15. Rfe1 Qc7 16. Rac1 Qb6 17. Qc2 Rfe8 18. a3 a5 19. b3 Qc7 20. Nd2 Qd6 21. Qb2 Re6 22. f3 f5 23. Re2 Rae8 24. Rce1 Nf6 {[%cal Bd7f6,Bf6h5,Bh5f4][%mdl 32]} 25. b4 axb4 26. axb4 Nh5 {Strongly threatening ...Nf4!} 27. Qc3 {[#]} Nf4 $1 {[%mdl 512]} 28. Rf2 (28. exf4 Rxe2) 28... h5 29. Nf1 $1 h4 30. Rc1 Nh5 31. b5 f4 {[%cal Rf4e3]} 32. e4 $1 dxe4 33. fxe4 Rxe4 34. bxc6 bxc6 35. Qxc6 Qxd4 36. Qc5 Nf6 37. Qxd4 Rxd4 38. g3 hxg3 39. hxg3 Nh5 40. Rc3 Re1 {[#] Hoping for ...Nxg3.} 41. Kg2 Kh7 42. gxf4 Nxf4+ 43. Kh2 Re6 44. Kh1 g5 {aiming for ...Kg6.} 45. Rc7+ Kg6 46. Rfc2 Kh5 {...Rd3 is the strong threat.} 47. Rh7+ Kg4 48. Rc1 Rd3 (48... Rd8 $17 {Threatens to win with ...Kf5.} 49. Nh2+ Kf5) 49. Ra1 (49. Nh2+ $11 Kf5 50. Rh8) 49... Nh3 ({Black should play} 49... Re8 $17 {And now ...Rc3 would win.} 50. Rh6 Rb8) 50. Ra4+ $11 Kf5 {White must now prevent ...Re1.} 51. Rf7+ Kg6 52. Rfa7 Nf2+ 53. Kg2 {The position is equal.} Ne4 54. R7a6 Nd6 55. Ra3 Re2+ (55... Rd4 {looks sharper.} 56. R3a4 Rf4 57. Ng3 Rff6 58. Rd4 Nf5) 56. Kg1 Rd1 57. Ra1 Rxa1 58. Rxa1 Ne4 59. Ra3 Rb2 60. Ng3 {Precision: White = 70%, Black = 52%.} 1/2-1/2

[Event "Altibox Norway Chess 2017"]
[Site "Stavanger"]
[Date "2017.06.07"]
[Round "2"]
[White "Giri, Anish"]
[Black "Karjakin, Sergey"]
[Result "1/2-1/2"]
[WhiteElo "2771"]
[BlackElo "2781"]
[Annotator "TA"]
[PlyCount "151"]
[EventDate "2017.??.??"]
[EventType "tourn"]
[EventCountry "NOR"]
[SourceTitle "playchess.com"]
[Source "ChessBase"]
[SourceQuality "1"]

{[%evp 23,151,16,26,22,31,20,27,22,28,19,35,35,35,35,35,35,41,35,50,50,50,44,47,44,54,48,54,49,58,44,64,20,20,29,32,20,47,32,39,36,51,52,67,67,67,67,63,58,62,39,45,45,47,52,81,54,55,63,55,57,82,82,88,76,94,94,94,94,94,84,89,59,66,42,61,62,70,70,70,69,68,68,68,64,58,43,68,68,65,62,74,74,74,72,72,72,72,69,69,72,72,54,54,53,72,32,39,36,40,40,40,37,41,39,75,22,55,50,50,46,46,50,50,50,48,0,0,0,51,0]} 1. d4 Nf6 2. c4 e6 3. Nf3 d5 4. Nc3 Be7 5. Bf4 O-O 6. e3 c5 7. dxc5 Bxc5 8. cxd5 Nxd5 9. Nxd5 exd5 10. Bd3 Bb4+ {D37: Queen's Gambit Declined: 5 Bf4} 11. Nd2 Nc6 12. O-O Be7 {LiveBook: 3 Games. The position is equal.} (12... Be6 13. Nb3 Qf6 14. a3 Be7 15. Qd2 Rfd8 16. Nd4 Nxd4 17. exd4 Bf5 18. Be2 Rac8 19. Rac1 Qb6 20. Bf3 Be6 21. Be3 {½-½ (21) Yu,Y (2738)-Nakamura,H (2785) Caleta 2017}) 13. a3 (13. Nf3 {is interesting.} Bf6 14. Rc1 g6 15. Qd2 Bg4 16. Nd4) 13... Bf6 {[#]} 14. Nf3 $146 ({Don't play} 14. Qh5 g6 $15) ({Predecessor:} 14. Qc2 g6 15. Rac1 Be6 16. Nb3 Rc8 17. Nc5 Ne5 18. Bxe5 Bxe5 19. f4 Bg7 20. Nxe6 {½-½ (20) Kortschnoj,V (2634)-Kasimdzhanov,R (2653) Bled 2002}) 14... Qe7 15. h3 g6 16. Qd2 Be6 17. Rac1 Rfd8 18. b4 a6 19. Rc2 Qd7 20. Rfc1 Bf5 21. Bxf5 Qxf5 22. Bc7 Rd7 23. Bb6 $1 Qe4 24. Rd1 Bd8 25. Bc5 Bc7 26. Qd3 Rad8 27. Rcd2 {[#] And now Qxe4 would win.} (27. Qc3 {keeps more tension.} Qe8 28. Rcd2 Qe6 29. a4 Be5 30. Qb3) 27... Qxd3 28. Rxd3 f6 29. b5 axb5 30. Rb3 b6 31. Bd4 $1 Nxd4 32. Nxd4 Bd6 33. Rxb5 Bxa3 34. Rxb6 Kf7 35. Rb5 h5 36. g4 hxg4 37. hxg4 Rc8 38. Kg2 Bf8 39. Kf3 Rcc7 40. Ne2 Rc5 41. Rb6 Rc8 42. Nf4 Rcd8 43. g5 Rd6 44. Rb7+ R8d7 45. Rxd7+ Rxd7 46. gxf6 Kxf6 $16 {[%mdl 4096] Endgame KRB-KRN} 47. Kg4 d4 $1 48. exd4 Bc5 49. Ne2 Rd5 50. Kf3 Rf5+ 51. Ke3 Bf8 52. Ng3 Ra5 53. Kf3 Ra3+ 54. Kg4 Ra4 55. Ne4+ Kf7 56. f3 Be7 57. d5 Bf6 58. Rb1 Rd4 59. Rb7+ Kf8 60. Rb5 Be7 61. Kf4 Rd3 62. Nc5 Bd6+ 63. Ke4 Rd1 64. Nd7+ Ke7 65. Rb7 Re1+ 66. Kd3 Bh2 67. Nb6+ Kf6 68. Rh7 Bf4 {[#]} 69. Nc4 (69. Nd7+ $1 $16 Kg5 70. Nc5 Re3+ 71. Kd4 Rxf3 72. Ne6+ Kg4 73. Nxf4 Rxf4+ 74. Ke5) 69... Kg5 70. Rf7 Rd1+ 71. Ke4 Re1+ 72. Kd4 {Strongly threatening d6.} Rd1+ 73. Kc5 {Black must now prevent d6.} Rc1 74. Kd4 {Hoping for d6.} (74. Kb5 $5 {[%cal Rd5d6]} Rb1+ 75. Kc6 $16) 74... Rd1+ 75. Kc5 (75. Ke4 $11 Re1+ 76. Kd4 Rd1+) 75... Rc1 $14 76. Kd4 {Precision: White = 62%, Black = 59%.} ({Better is} 76. Kb5 $14 Rb1+ 77. Kc6) 1/2-1/2

[Event "Altibox Norway Chess 2017"]
[Site "Stavanger"]
[Date "2017.06.08"]
[Round "3"]
[White "Carlsen, Magnus"]
[Black "Nakamura, Hikaru"]
[Result "1/2-1/2"]
[WhiteElo "2832"]
[BlackElo "2785"]
[Annotator "TA"]
[PlyCount "80"]
[EventDate "2017.??.??"]
[EventType "tourn"]
[EventCountry "NOR"]
[SourceTitle "playchess.com"]
[Source "ChessBase"]
[SourceQuality "1"]

{[%evp 11,80,3,37,28,22,20,27,22,35,36,29,24,27,19,25,18,21,22,23,17,35,0,0,0,0,0,0,0,0,0,8,0,80,66,68,75,53,74,71,62,97,100,80,97,86,61,74,72,67,22,48,0,0,0,0,0,0,0,0,0,0,0,0,0,0,0,0,0,0,0,0]} 1. e4 c5 2. Nf3 d6 3. d4 cxd4 4. Nxd4 Nf6 5. Nc3 a6 6. h3 g6 7. g3 {B90: Sicilian Najdorf: Unusual White 6th moves, 6 Be3 Ng4 and 6 Be3 e5} Nc6 8. Be3 Bg7 9. Bg2 {White has an edge.} O-O 10. O-O Nd7 (10... Bd7 11. Nd5 Rc8 12. Nxc6 bxc6 13. Bb6 Qe8 14. Nc7 Qd8 15. Nd5 Qe8 16. Nc7 Qd8 17. Nd5 Qe8 {½-½ (17) Motylev,A (2665)-Grischuk,A (2750) Sochi 2017}) 11. b3 Nxd4 $146 ({Predecessor:} 11... Re8 12. Qd2 Qa5 13. Rad1 Rb8 14. a4 Nxd4 15. Bxd4 Bxd4 16. Qxd4 Qc5 17. Qxc5 Nxc5 {½-½ (40) Goganov,A (2601)-Kokarev,D (2608) Vladivostok 2015}) 12. Bxd4 Bxd4 13. Qxd4 b6 14. Nd5 Bb7 15. c4 e5 16. Qe3 b5 17. Rac1 bxc4 18. Rxc4 Bxd5 19. exd5 a5 20. Rfc1 Nc5 21. a3 {[%cal Ba2a3,Ba3b4][%mdl 32]} f5 (21... a4 $11 22. b4 Nb3) 22. b4 $36 {[%mdl 2048] White is pushing.} axb4 23. axb4 Nd7 24. Rc6 f4 25. gxf4 exf4 26. Qe6+ Rf7 27. Qxd6 Qg5 {White must now prevent ...f3.} 28. Kh1 f3 {[%csl Gf3][%cal Rg5g2] [#]} 29. Bf1 $1 Nf6 30. Qe6 Kg7 31. Rc7 Rxc7 $1 {The position is equal.} 32. Rxc7+ Kh6 $1 33. Qe1 $1 Ra2 34. Re7 Ng4 (34... Rc2 $5 {[%cal Rc2c1]} 35. Qe3 Qxe3 36. Rxe3 Nxd5 37. Rxf3 Nxb4 $11) 35. hxg4 Qh4+ 36. Kg1 {[#] Threatening mate with Qc1+.} Qxg4+ 37. Kh1 Qh4+ 38. Kg1 Qg4+ 39. Kh1 Qh4+ 40. Kg1 Qg4+ {Precision: White = 71%, Black = 85%.} 1/2-1/2

[Event "Altibox Norway Chess 2017"]
[Site "Stavanger"]
[Date "2017.06.08"]
[Round "3"]
[White "Kramnik, Vladimir"]
[Black "So, Wesley"]
[Result "1/2-1/2"]
[WhiteElo "2808"]
[BlackElo "2812"]
[Annotator "TA"]
[PlyCount "141"]
[EventDate "2017.??.??"]
[EventType "tourn"]
[EventCountry "NOR"]
[SourceTitle "playchess.com"]
[Source "ChessBase"]
[SourceQuality "1"]

{[%evp 25,141,7,9,0,12,7,0,0,0,12,9,0,0,0,0,0,3,5,4,4,4,2,20,20,20,20,21,23,21,17,28,30,29,29,80,33,29,0,0,0,33,25,25,34,29,15,35,35,37,37,37,23,25,23,30,37,48,36,29,11,12,13,20,19,27,0,41,16,6,0,0,0,10,0,8,0,0,0,0,0,0,0,0,0,0,0,0,0,0,0,0,0,0,0,0,0,0,0,0,0,0,0,0,0,0,0,0,0,0,0,0,0,0,0,0,0,0,0]} 1. e4 e5 2. Nf3 Nc6 3. Bc4 Bc5 4. O-O Nf6 5. d3 O-O 6. h3 d6 7. c3 a6 8. Re1 Ba7 9. Bb3 h6 10. Nbd2 Re8 11. Nf1 Be6 12. Be3 {C54: Giuoco Piano: 4 c3 Nf6, main lines with 5 d4 and 5 d3} (12. Ng3 Bxb3 13. Qxb3 Qd7 14. Be3 Bxe3 15. Rxe3 d5 16. Rae1 dxe4 17. dxe4 Na5 18. Qc2 Rad8 19. b3 Nc6 20. R3e2 {½-½ (52) Harikrishna,P (2762)-Matlakov,M (2691) Germany 2017}) 12... Bxe3 13. Nxe3 Qd7 {LiveBook: 23 Games} 14. Bxe6 Qxe6 15. c4 Ne7 16. Nd5 Nexd5 17. cxd5 Qd7 $146 18. d4 c6 19. dxc6 Qxc6 20. Rc1 Qb6 21. Re3 exd4 22. Rb3 Qa5 23. Rxb7 Qxa2 24. Rcc7 $36 {[%mdl 2048] White fights for an advantage.} Rab8 25. Rxf7 Rxb7 $1 26. Rxb7 Rxe4 27. Rb8+ Kf7 28. Rb6 a5 29. Qd3 d5 (29... Qa1+ $11 30. Kh2 Qc1) 30. Rb7+ Kg8 31. Rb8+ (31. Nxd4 $5 {[%cal Rd3g3]} Qa1+ 32. Kh2 $16) 31... Re8 $1 {[%cal Re8b8]} 32. Rb7 Re4 $1 33. Nxd4 {[#] Strongly threatening Qg3.} Qc4 34. Qxc4 dxc4 $11 {[%mdl 4096] Endgame KRN-KRN} 35. Nf5 Re5 36. g4 ({But not} 36. Rxg7+ $2 Kf8 $19) 36... Ne8 37. Kg2 Rc5 38. Ra7 Nc7 39. f3 Ne6 40. Re7 Re5 41. Re8+ Kh7 42. Kf1 Kg6 43. Nd6 {[#] Hoping for f4.} Kf6 $1 44. Ne4+ Kf7 $1 {[%cal Rf7e8]} 45. Nd6+ Kf6 46. Nxc4 Rc5 {The position is equal.} 47. Ne3 Rb5 48. Nc4 Rc5 49. Ne3 Rb5 50. Nd1 Rb3 51. Kf2 Kf7 52. Ra8 Ng5 53. Rxa5 Rxf3+ 54. Kg2 {And now Rxg5! would win.} Rd3 55. Nf2 Rd2 56. Rf5+ Ke6 57. b4 Rb2 58. Rf4 Ke5 59. Rf8 Kd6 60. Rf4 Ne6 61. Re4 (61. Rf3 {feels hotter.} Rxb4 62. Nd3 Rd4 63. Kg3 Kd5 64. Nf4+) 61... Kd5 {White must now prevent ...Rxf2+!} 62. Re3 Rxb4 63. Kg3 Rd4 64. h4 Rc4 65. Nd3 Re4 66. Rxe4 Kxe4 67. Nf2+ Ke3 68. Nd1+ Ke4 69. Nf2+ Ke3 70. Nd1+ Ke4 71. Nf2+ {Precision: White = 59%, Black = 84%.} 1/2-1/2

[Event "Altibox Norway Chess 2017"]
[Site "Stavanger"]
[Date "2017.06.08"]
[Round "3"]
[White "Vachier-Lagrave, Maxime"]
[Black "Caruana, Fabiano"]
[Result "1/2-1/2"]
[WhiteElo "2796"]
[BlackElo "2808"]
[Annotator "TA"]
[PlyCount "102"]
[EventDate "2017.??.??"]
[EventType "tourn"]
[EventCountry "NOR"]
[SourceTitle "playchess.com"]
[Source "ChessBase"]
[SourceQuality "1"]

{[%evp 27,102,8,8,12,10,13,22,26,29,22,29,29,31,29,34,23,23,23,23,23,23,19,16,16,16,17,18,17,16,16,33,30,35,32,32,16,30,27,32,19,22,23,31,0,0,0,0,0,0,0,0,0,31,0,0,0,0,0,0,0,0,0,0,0,0,0,0,0,0,0,0,0,0,0,0,0,0]} 1. e4 e5 2. Nf3 Nf6 3. Nxe5 d6 4. Nf3 Nxe4 5. d4 d5 6. Bd3 Bd6 7. O-O O-O 8. c4 c6 9. Re1 Bf5 10. Qb3 Qd7 {C42: Petroff Defence: 3 Nxe5 and unusual White 3rd moves} 11. Nc3 Nxc3 12. Bxf5 Qxf5 13. bxc3 b6 14. cxd5 (14. Bg5 dxc4 15. Qxc4 b5 16. Qb3 Nd7 17. a4 a6 18. Be7 {½-½ (18) Svidler,P (2727)-Nisipeanu,L (2678) Baku 2015}) 14... cxd5 {LiveBook: 3 Games} 15. Qb5 Qd7 16. Rb1 Rc8 17. g3 Bf8 18. Bd2 Nc6 $146 19. Ne5 Nxe5 20. Rxe5 Rd8 21. Qxd7 Rxd7 22. Rb5 Rad8 23. a4 Be7 24. a5 bxa5 25. Rxa5 f6 26. Re6 Rb8 27. Rea6 Rbb7 28. Kf1 Kf7 29. Ke2 Bd8 30. Ra2 Bb6 31. Bc1 Rbc7 32. Kd3 Re7 33. Bf4 Rc8 34. Bd6 Re1 {[#]} 35. Bc5 $1 {[%mdl 512]} Bxc5 36. dxc5 Rxc5 37. Rxa7+ $11 {[%mdl 4096] Endgame KRR-KRR} Kg6 38. R7a5 Rxa5 39. Rxa5 {KR-KR} Rf1 40. f4 Rd1+ {The position is equal.} 41. Kc2 Rh1 42. Rxd5 (42. h4 {keeps more tension.} Rh2+ 43. Kb3 Rd2 44. g4 Kh6 45. Rc5) 42... Rxh2+ 43. Rd2 Rxd2+ 44. Kxd2 {K3P-K3P} Kf5 {White must now prevent ...Ke4.} 45. Ke3 h5 46. Kf3 g5 47. fxg5 fxg5 48. g4+ hxg4+ 49. Kg3 Ke4 50. Kxg4 Kd3 51. Kxg5 Kxc3 {Precision: White = 80%, Black = 78%.} 1/2-1/2

[Event "Altibox Norway Chess 2017"]
[Site "Stavanger"]
[Date "2017.06.08"]
[Round "3"]
[White "Aronian, Levon"]
[Black "Giri, Anish"]
[Result "1/2-1/2"]
[WhiteElo "2793"]
[BlackElo "2771"]
[Annotator "TA"]
[PlyCount "106"]
[EventDate "2017.??.??"]
[EventType "tourn"]
[EventCountry "NOR"]
[SourceTitle "playchess.com"]
[Source "ChessBase"]
[SourceQuality "1"]

{[%evp 18,106,0,0,0,3,15,8,8,4,8,14,10,0,0,0,-2,-4,0,0,64,-99,65,33,37,45,44,43,37,47,62,12,12,4,9,13,25,0,0,0,0,0,0,0,0,0,0,-20,-7,-8,0,0,0,0,0,0,0,0,0,0,0,0,0,0,0,0,0,0,0,0,0,0,0,0,0,0,0,0,0,0,0,0,0,0,0,0,0,0,0,0,0]} 1. d4 Nf6 2. c4 e6 3. Nf3 d5 4. Nc3 Bb4 5. Qa4+ Nc6 6. e3 O-O 7. Qc2 {D38: Queen's Gambit Declined: Ragozin Defence (4 Nf3 Bb4)} Re8 8. Bd2 a6 9. h3 Bd6 10. a3 {LiveBook: 6 Games} Bd7 11. Be2 $146 ({Predecessor:} 11. cxd5 exd5 12. Bd3 Na7 13. Qb3 c6 14. Qxb7 Nb5 15. Nxb5 axb5 16. Ne5 Rb8 17. Qa6 Ra8 18. Qb7 Rb8 19. Qa6 Ra8 {½-½ (19) Karjakin,S (2773)-Carlsen,M (2855) Bilbao 2016}) 11... dxc4 12. Bxc4 h6 13. O-O e5 14. Rae1 Qe7 15. Nh4 Qd8 16. Qb3 Rf8 17. Qd1 ({Don't blunder} 17. Qxb7 $2 Na5 $19) 17... b5 18. Ba2 Kh8 (18... Re8 $11) 19. Bc1 $2 {[#]} (19. dxe5 $1 $14 Nxe5 20. e4) 19... g5 $2 (19... e4 $1 $17 20. Bb1 Re8) 20. dxe5 Nxe5 21. f4 gxh4 22. fxe5 Bxe5 23. e4 Rg8 24. Bxf7 (24. Bf4 $5 {[%cal Rf4e5]} Qe7 25. Qf3 $16) 24... Rg7 {...Bxh3 is the strong threat.} 25. Bf4 $1 {[%cal Rf4e5]} Bxf4 26. Rxf4 {aiming for e5.} Bxh3 27. Kh2 {Hoping for Qxd8+.} ({But not} 27. Rxh4 $2 Rxg2+ 28. Kh1 Rd2 $19) 27... Bd7 {Strongly threatening ...Ng4+.The position is equal.} 28. Be6 {[#]} Ng4+ $1 {[%mdl 512]} 29. Rxg4 (29. Bxg4 Qg5) 29... Bxe6 30. Qxd8+ Rxd8 31. Rxh4 Kh7 32. Re2 Rd4 33. Rf2 Rf7 34. Rxf7+ Bxf7 $11 {[%mdl 4096] Endgame KRB-KRN} 35. Rf4 Kg7 36. Rf5 Rc4 37. Kg3 c5 38. Kf3 b4 39. axb4 cxb4 40. Nd5 b3 41. Ne3 Rd4 42. Ra5 {Threatens to win with Nf5+.} (42. Rd5 $5 Bxd5 43. Nf5+ Kg6 44. Nxd4 $11) 42... Bg6 43. Nf5+ Bxf5 $1 44. exf5 {KR-KR} Rd2 45. Rxa6 Rxb2 46. Rg6+ Kh7 $1 47. Rb6 Rb1 48. Rb7+ Kg8 49. g3 (49. Kg4 $5 {[%cal Rg4h5]}) 49... b2 50. Kg2 Kf8 51. Kh2 Kg8 52. Kg2 Kf8 53. Kh2 Kg8 {Precision: White = 67%, Black = 74%.} 1/2-1/2

[Event "Altibox Norway Chess 2017"]
[Site "Stavanger"]
[Date "2017.06.08"]
[Round "3"]
[White "Karjakin, Sergey"]
[Black "Anand, Viswanathan"]
[Result "1/2-1/2"]
[WhiteElo "2781"]
[BlackElo "2786"]
[Annotator "TA"]
[PlyCount "66"]
[EventDate "2017.??.??"]
[EventType "tourn"]
[EventCountry "NOR"]
[SourceTitle "playchess.com"]
[Source "ChessBase"]
[SourceQuality "1"]

{[%evp 28,66,-9,-11,-9,-11,0,0,0,0,0,0,0,0,0,0,0,0,0,0,13,16,16,9,16,16,16,16,16,9,16,0,0,0,0,0,0,0,0,0,0]} 1. e4 e5 2. Nf3 Nc6 3. Bb5 Nf6 4. O-O Nxe4 5. Re1 Nd6 6. Nxe5 Be7 7. Bf1 Nxe5 8. Rxe5 O-O 9. d4 Bf6 10. Re1 Re8 {C67: Ruy Lopez: Berlin Defence: 4 0-0 Nxe4} 11. Bf4 Rxe1 12. Qxe1 Ne8 13. Nc3 Bxd4 14. Nd5 d6 15. Bg5 {LiveBook: 8 Games. The position is equal.} f6 {[#]} 16. Bh4 $146 ({Predecessor:} 16. Be3 Be5 17. f4 Bxb2 18. Rb1 {½-½ (27) Andreikin,D (2733)-Jakovenko,D (2712) Poikovsky 2016}) 16... Bxb2 (16... g5 $5 {[%cal Rg5h4]} 17. Ne7+ Kh8 18. Nxc8 Rxc8 $15) 17. Rb1 Be5 {White must now prevent ...c6.} 18. f4 $1 {[%cal Rf4e5]} c6 19. fxe5 cxd5 20. exf6 Nxf6 21. Bd3 {Threatens to win with Bxf6.} Bd7 $1 22. h3 {[#]} b5 $1 23. Bxb5 Qe8 24. Qxe8+ Bxe8 25. Ba6 Bg6 26. Bxf6 gxf6 $11 {[%mdl 4096] Endgame KRB-KRB} 27. Bb7 Re8 28. Bxd5+ Bf7 29. Bxf7+ Kxf7 30. Rb7+ Kg6 31. Rxa7 Rc8 32. Rd7 (32. c3 $5) 32... Rxc2 33. Rxd6 Rxa2 {Precision: White = 92%, Black = 81%.} 1/2-1/2

[Event "Altibox Norway Chess 2017"]
[Site "Stavanger"]
[Date "2017.06.10"]
[Round "4"]
[White "So, Wesley"]
[Black "Karjakin, Sergey"]
[Result "1/2-1/2"]
[WhiteElo "2812"]
[BlackElo "2781"]
[Annotator "TA"]
[PlyCount "141"]
[EventDate "2017.??.??"]
[EventType "tourn"]
[EventCountry "NOR"]
[SourceTitle "playchess.com"]
[Source "ChessBase"]
[SourceQuality "1"]

{[%evp 13,140,18,22,17,22,14,37,14,14,6,4,21,19,18,14,12,36,28,29,29,24,22,28,34,39,39,46,33,26,34,85,88,104,98,63,54,70,32,137,136,148,143,140,135,132,137,142,133,188,198,229,214,229,221,193,17,14,8,24,22,18,18,18,18,18,17,40,10,12,5,164,121,161,156,86,0,39,29,51,0,0,0,0,0,0,0,212,195,137,0,20,0,0,0,0,0,11,0,0,0,11,0,11,11,12,0,0,0,0,0,0,0,0,0,0,0,0,0,0,0,0,0,0,0,0,0,0,0,0]} 1. e4 e5 2. Nf3 Nc6 3. Bc4 Bc5 4. O-O Nf6 5. d3 {[%cal Bd2d3,Bd3d4][%mdl 32]} O-O 6. a4 a6 7. c3 d6 8. Re1 {C54: Giuoco Piano: 4 c3 Nf6, main lines with 5 d4 and 5 d3} Ba7 9. h3 Ne7 (9... b5 $5 {[%cal Rb5c4]} 10. Bb3 b4 $11) (9... h6 10. Nbd2 Be6 11. b4 Re8 12. Bxe6 Rxe6 13. Qc2 d5 14. Nb3 Ne7 15. exd5 Qxd5 {½-½ (45) Fressinet,L (2662)-Amin,B (2660) Sharjah 2017}) 10. d4 {White is slightly better.} Ng6 11. Nbd2 c6 12. Bf1 Re8 13. dxe5 $146 ({Predecessor:} 13. a5 h6 14. b4 Qc7 15. dxe5 Nxe5 16. Nxe5 Rxe5 17. c4 Re8 18. Bb2 {1-0 (31) Vaishali,R (2295)-Arpita,M (2040) Rajahmundry 2016}) 13... dxe5 14. Qc2 b5 15. b4 Be6 16. Nb3 Qe7 17. Bd2 h6 18. c4 Rac8 19. c5 Bb8 20. axb5 axb5 21. Ra6 Red8 ({Black should try} 21... Qb7 $14 22. Raa1 Rcd8) 22. Na5 $16 Qe8 23. Bc3 Nh7 24. g3 Nhf8 25. Rb6 Kh7 (25... f6 $14) 26. Rxb8 $1 Rxb8 27. Nxe5 Nxe5 28. Bxe5 Ra8 29. Bd6 Ra6 30. f4 {[%cal Bf2f4,Bf4f5][%mdl 32]} Rda8 (30... Kg8 $16 {was called for.}) 31. f5 $18 Bc4 32. Bxc4 (32. Nxc4 $6 bxc4 33. Bxc4 Ra1 $16) 32... bxc4 33. e5 {[%cal Be4e5,Be5e6,Be6e7][%mdl 32]} (33. Qxc4 Nd7 $14) (33. Nxc4 Ra2 $11) 33... Nd7 34. Qxc4 $2 (34. Kf1 $18) 34... Nf6 $1 $11 35. e6 {Threatening Be5.} Nd5 36. Qe4 f6 37. e7 $36 {[%mdl 2048] Nxc6 is the strong threat. White has good play.} Nxb4 $1 38. Qxb4 Rxa5 39. Qg4 {Threatens to win with Qg6+!} Kg8 40. Qg6 {[%mdl 1024] White has compensation.} Ra2 41. g4 Rc2 $2 (41... Rc8 $1 $11) 42. Kf1 Rb2 43. h4 $1 Rb4 44. h5 (44. Re3 $16) 44... Rb2 45. Bc7 Rd2 $1 46. Bf4 (46. g5 $1 $14 hxg5 47. h6 Qxg6 48. fxg6) 46... Rd4 47. Bd6 Rb4 48. Re2 Rb1+ 49. Kf2 Rb3 $2 {[#]} (49... Rb4 $11 {and Black is okay.}) 50. Bc7 $1 $18 {[%cal Rc7d8]} Rd3 {[#]} 51. Bf4 (51. g5 $1 $16 {[%cal Rg5f6]} hxg5 52. h6 Qxg6 53. fxg6) 51... Rd4 {The position is equal.} 52. Bd6 (52. Bxh6 $5 {[%cal Rg6g7]} Qxg6 53. fxg6 $14) 52... Rb4 53. Kg3 (53. Bc7 $5 {[%cal Rc7d8]} Rd4 54. Bd6 $11) 53... Rb3+ 54. Kh4 Rba3 55. Re6 R3a7 $1 56. Re3 Ra4 57. Kg3 (57. Bc7 $5 {[%cal Rc7d8]} Rd4 58. Re1 $11) 57... Rb4 58. Bc7 Rd4 $1 59. Bf4 {With the idea Bxh6.} Rd7 60. Bd6 Rb7 61. g5 hxg5 62. h6 {[%csl Gh6][%cal Rg6g7]} Qxg6 63. fxg6 $11 {[%mdl 4096] Endgame KRR-KRB} Re8 64. h7+ Kh8 65. Kg4 {Strongly threatening Ra3.} (65. Ra3 $5 {[%cal Rg3g4]} Rb4 66. Ra6 $16) 65... f5+ $1 66. Kxg5 {White wants to mate with Re5.} Rb1 $1 67. Ra3 Rg1+ 68. Kxf5 {Hoping for Re3.} Re1 69. Ra2 R8xe7 70. Bxe7 {[%cal Ra2a8]} Re5+ 71. Kxe5 $4 {[%mdl 8192] Precision: White = 68%, Black = 59%.} (71. Kg4 Re4+ 72. Kf3 (72. Kh5 Re5+ 73. Kg4 Re4+ 74. Kf5 Re5+ 75. Kf4 Re4+ 76. Kxe4 $11) 72... Re3+ 73. Kg4 (73. Kf2 Re2+ 74. Kxe2 $11) 73... Re4+ 74. Kh5 Re5+ 75. Kh4 (75. Bg5 Rxg5+ 76. Kxg5 $11) 75... Re4+ 76. Kh3 (76. Kh5 Re5+ 77. Kg4 Re4+ $11) 76... Re3+ 77. Kh2 Re2+ 78. Rxe2) 1/2-1/2